| 000 | 00371nam a22001217a 4500 | ||
|---|---|---|---|
| 082 | _a200 THE | ||
| 100 |
_aShafique Ahmed _969899 |
||
| 245 | _aTH-SOF-1323-Software Defect Prediction using Ensemble Learning | ||
| 260 |
_aIslamabad _bNUST College of EME _c2016 |
||
| 650 |
_aMS-CSE-13 MSTHESIS _969839 |
||
| 700 |
_aSupervisor Dr. Muhammad Usman Akram _969721 |
||
| 942 | _cCF | ||
| 999 |
_c576984 _d576984 |
||